| 000 | 00854nam a2200205 4500 | ||
|---|---|---|---|
| 001 | 2007305 | ||
| 003 | AM-YEHGA | ||
| 005 | 20250617165013.0 | ||
| 008 | 250206s1962 ru ||||| |||| 00| 0 rus d | ||
| 040 | _aAM-YeHGA | ||
| 041 | 0 | _arus | |
| 100 | 1 | _aБаталова, Раиса Михайловна | |
| 245 | 1 | 0 |
_aОньковский диалект коми-пермяцкого языка : _bАвтореферат дис. на соискание учен. степени кандидата филол. наук / _cР. Баталова ; АН СССР. Ин-т языкознания |
| 260 |
_aКудымкар : _bКоми-Перм. кн. изд-во, _c1962. |
||
| 300 | _a19 с. | ||
| 650 | 1 | 4 | _aКоми-пермяцкий язык |
| 710 | 2 | _aИнститут языкознания АН СССР | |
| 942 |
_2udc _cTH |
||
| 090 | _c572023 | ||
| 999 |
_c533053 _d533053 |
||